Les Pokémon Légendaires (De la 1G à la 6G) (Niveau +1) - Statistiques

Statistiques générales
  • Ce quiz a été pris 459 fois
  • Le résultat moyen est 45 sur 54
Statistiques - réponses
Gén. Ordre Pokémon % Correct
1 I Artikodin
98%
V Mew
98%
IV Mewtwo
98%
III Sulfura
98%
II Entei
97%
III Suicune
97%
II Electhor
96%
IV Lugia
96%
VII Groudon
95%
V Ho-Oh
95%
2 I Raikou
95%
IV Dialga
93%
VI Kyogre
93%
V Palkia
93%
VIII Rayquaza
93%
VIII Giratina
91%
VI Celebi
89%
3 I Regirock
88%
III Registeel
88%
VIII Zekrom
88%
II Regice
87%
X Deoxys
86%
IX Jirachi
86%
VII Reshiram
86%
III Créfadet
85%
XII Darkrai
85%
4 I Créhelf
84%
X Kyurem
84%
IV Latias
84%
V Latios
84%
II Yveltal
84%
II Créfollet
83%
6 I Xerneas
83%
XIV Arceus
82%
IX Cresselia
80%
VI Heatran
78%
VII Regigigas
78%
IV Viridium
78%
III Terrakium
77%
5 I Victini
76%
III Zygarde
76%
II Cobaltium
75%
IX Démétéros
75%
VI Fulguris
75%
V Boréas
73%
XI Manaphy
73%
XIII Shaymin
72%
VI Volcanion
71%
X Phione
70%
XI Keldeo
68%
V Hoopa
67%
IV Diancie
66%
XIII Genesect
65%
XII Meloetta
64%
Aucun quiz correspondant
Distribution des résultats
% des personnes avec chaque résultat
Percentile par nombre de réponses
Votre historique - résultats
Vous n’avez pas pris ce quiz